What Year Did That Movie Come Out? - Statistics

General Stats
  • This quiz has been taken 22,263 times
  • The average score is 14 of 22
Answer Stats
Movie Year % Correct
Barbie 2023
98%
Titanic 1997
88%
Back to the Future 1985
82%
Star Wars 1977
80%
Jurassic Park 1993
80%
Iron Man 2008
78%
Cars 2006
77%
Pulp Fiction 1994
72%
Top Gun 1986
69%
Moana 2016
69%
The Fast and the Furious 2001
67%
Despicable Me 2010
66%
La La Land 2016
64%
Jaws 1975
57%
The Shining 1980
50%
Saturday Night Fever 1977
47%
The Breakfast Club 1985
47%
Dead Poets Society 1989
47%
The Fault in Our Stars 2014
47%
Pretty Woman 1990
46%
Casablanca 1942
45%
The English Patient 1996
32%
No matching quizzes found
Score Distribution
Percent of People with Each Score
Percentile by Number Answered
Your Score History
You have not taken this quiz